000 00449cam a2200157 4500
001 D11664
008 090401t xxu||||| |||| 00| 0 eng d
035 _a(Sirsi) u99193
041 _aeng
100 _aThornhill, A.R.
245 _aCapital transfer tax
350 _a0
520 _aIn: RICS General Practice Division. Works of art seminar: insurance and taxation (Held at RICS) 12th February 1981. 1981/4 ABC
942 _n0
948 _c04/03/1997
999 _c99245
_d99245